PRACTICAL ANATOMY AND PHYSIOLOGY (Record no. 7978)

MARC details
000 -LEADER
fixed length control field 00455nam a22001697a 4500
005 - DATE AND TIME OF LATEST TRANSACTION
control field 20230217124107.0
008 - FIXED-LENGTH DATA ELEMENTS--GENERAL INFORMATION
fixed length control field 220225b ||||| |||| 00| 0 eng d
020 ## - INTERNATIONAL STANDARD BOOK NUMBER
ISBN 81-8416-049-6
041 ## - LANGUAGE CODE
Language code of text/sound track or separate title eng
082 ## - DEWEY DECIMAL CLASSIFICATION NUMBER
Classification number 612 GOY-P
100 ## - MAIN ENTRY--AUTHOR NAME
Personal name GOYAL, DR. R.K AND PATEL, DR. N.M
245 ## - TITLE STATEMENT
Title PRACTICAL ANATOMY AND PHYSIOLOGY
260 ## - PUBLICATION, DISTRIBUTION, ETC. (IMPRINT)
Place of publication AHMEDABAD
Name of publisher B.S.SHAH PRAKASHAN
300 ## - PHYSICAL DESCRIPTION
Number of Pages 187;p
650 ## - SUBJECT ADDED ENTRY--TOPICAL TERM
Topical Term PHARMACY
General subdivision B.PHARMA & D.PHARMA
942 ## - ADDED ENTRY ELEMENTS (KOHA)
Koha item type Books
Holdings
Lost status Damaged status Collection code Home library Current library Shelving location Date acquired Source of acquisition Cost, normal purchase price Full call number Accession Number Koha item type
    PHARMACY JRU Library JRU Library SHELF-4-D 25/02/2022 PURCHASE 125.00 612 GOY-P 26650 Books
    PHARMACY JRU Library JRU Library Shelf - 27- G 25/02/2022 PURCHASE 125.00 612 26651 Books
    PHARMACY JRU Library JRU Library Shelf - 27- G 25/02/2022 PURCHASE 125.00 612 26652 Books
    PHARMACY JRU Library JRU Library Shelf - 27- G 25/02/2022 PURCHASE 125.00 612 26653 Books
    PHARMACY JRU Library JRU Library Shelf - 27- G 25/02/2022 PURCHASE 125.00 612 26654 Books
    PHARMACY JRU Library JRU Library Shelf - 26- G 11/02/2023 LOHIA BOOK INTERNATIONAL 160.00 612 GOY-P 27526 Books
    PHARMACY JRU Library JRU Library Shelf - 27- G 11/02/2023 LOHIA BOOK INTERNATIONAL 160.00 612 GOY-P 27527 Books
    PHARMACY JRU Library JRU Library Shelf - 27- G 11/02/2023 LOHIA BOOK INTERNATIONAL 160.00 612 GOY-P 27528 Books
    PHARMACY JRU Library JRU Library Shelf - 27- G 11/02/2023 LOHIA BOOK INTERNATIONAL 160.00 612 GOY-P 27529 Books